Asia-Pacific Conference on Algal Biotechnology (Record no. 19300)

MARC details
000 -LEADER
fixed length control field 01107nam a2200337Ia 4500
003 - CONTROL NUMBER IDENTIFIER
control field OSt
005 - DATE AND TIME OF LATEST TRANSACTION
control field 20220912144929.0
008 - FIXED-LENGTH DATA ELEMENTS--GENERAL INFORMATION
fixed length control field 220909b |||||||| |||| 00| 0 eng d
020 ## - INTERNATIONAL STANDARD BOOK NUMBER
International Standard Book Number 1402001622 (hbd)
037 ## - SOURCE OF ACQUISITION
Terms of availability Textbook
040 ## - CATALOGING SOURCE
Original cataloging agency CSL
Language of cataloging eng
Transcribing agency CSL
041 ## - LANGUAGE CODE
Language code of text/sound track or separate title eng
100 ## - MAIN ENTRY--PERSONAL NAME
Personal name Chen Feng Ed.
111 ## - MAIN ENTRY--MEETING NAME
Meeting name or jurisdiction name as entry element PROCEEDINGS ON ALGAE AND THEIR BIOTECHNOLOGICAL POTENTIAL (4 : 3-6 -2000 : Hong Kong)
245 #0 - TITLE STATEMENT
Title Asia-Pacific Conference on Algal Biotechnology
260 ## - PUBLICATION, DISTRIBUTION, ETC.
Place of publication, distribution, etc. Dordrecht
Name of publisher, distributor, etc. Kluwer Academic Publishers
Date of publication, distribution, etc. 2001
300 ## - PHYSICAL DESCRIPTION
Extent ix,306p.
Dimensions cm.
500 ## - GENERAL NOTE
General note Includes bibliographical references; Index 303-306p
650 ## - SUBJECT ADDED ENTRY--TOPICAL TERM
Topical term or geographic name entry element Algae
650 ## - SUBJECT ADDED ENTRY--TOPICAL TERM
Topical term or geographic name entry element Biotechnollogical potential
650 ## - SUBJECT ADDED ENTRY--TOPICAL TERM
Topical term or geographic name entry element Proceedings
650 ## - SUBJECT ADDED ENTRY--TOPICAL TERM
Topical term or geographic name entry element Botany
700 ## - ADDED ENTRY--PERSONAL NAME
Personal name Jiang Yue Ed.
942 ## - ADDED ENTRY ELEMENTS (KOHA)
Classification part I22:(G:F)p1, P1 TI
Koha item type Textbook
Source of classification or shelving scheme Colon Classification (CC)

No items available.

Copyright @ Delhi University Library System